[Event "Bogota Empresas op"]
[Site "Bogota"]
[Date "2024.05.19"]
[Round "6"]
[White "Gaviria Galvis, Andres Felipe"]
[Black "Santagada, Hector Ricardo"]
[Result "1-0"]
[WhiteElo "2072"]
[BlackElo "1821"]
[PlyCount "101"]
[EventDate "2024.05.19"]
[EventType "swiss"]
[EventRounds "7"]
[EventCountry "COL"]
[SourceTitle "CB21_2024"]
[SourceDate "2024.05.22"]
[SourceVersion "1"]
[SourceVersionDate "2024.05.22"]
[SourceQuality "1"]

1. d4 Nf6 2. Nf3 d5 3. Bf4 e6 4. e3 c5 5. c3 Nc6 6. Bd3 b6 7. 0-0 Bb7 8. Nbd2 Be7 9. Re1 0-0 10. Ne5 g6 11. Ndf3 Nxe5 12. Nxe5 Nd7 13. Ng4 Bg5 14. Bg3 h5 15. Ne5 Nxe5 16. Bxe5 Bf6 17. Bf4 Bg7 18. Qf3 Re8 19. Qg3 a5 20. Bb5 h4 21. Qg4 Rf8 22. Bg5 Qc7 23. Qxh4 Ba6 24. Bxa6 Rxa6 25. dxc5 bxc5 26. Bf6 a4 27. e4 Qb7 28. Bxg7 Kxg7 29. Re2 Rh8 30. Qf4 Qb8 31. e5 Qd8 32. Rd1 Qh4 33. Qxh4 Rxh4 34. g3 Rh5 35. f4 c4 36. h4 Rh8 37. Kf2 Rb8 38. Ke3 a3 39. Rdd2 axb2 40. Rxb2 Rba8 41. Kd4 Ra5 42. g4 Ra3 43. Rf2 Rh8 44. Rh2 f6 45. Rb7+ Kh6 46. exf6 Rf8 47. h5 g5 48. Ke5 Rxc3 49. fxg5+ Kxg5 50. Rg7+ Kh6 51. g5# 1-0

[Event "Bogota Centro Comercial op 2nd"]
[Site "Bogota"]
[Date "2024.04.14"]
[Round "6"]
[White "Montilla Rodriguez, Camilo"]
[Black "Santagada, Hector Ricardo"]
[Result "1-0"]
[WhiteElo "1692"]
[BlackElo "1859"]
[PlyCount "73"]
[EventDate "2024.04.14"]
[EventType "swiss"]
[EventRounds "7"]
[EventCountry "COL"]
[SourceTitle "CB16_2024"]
[SourceDate "2024.04.17"]
[SourceVersion "1"]
[SourceVersionDate "2024.04.17"]
[SourceQuality "1"]

1. e4 c5 2. Nf3 d6 3. d4 cxd4 4. Nxd4 Nf6 5. Nc3 g6 6. Be3 Bg7 7. f3 0-0 8. Bc4 Nc6 9. Qd2 Bd7 10. h4 h5 11. 0-0-0 Rc8 12. Bb3 Ne5 13. Bh6 Nc4 14. Bxc4 Rxc4 15. Bxg7 Kxg7 16. Qg5 a5 17. e5 Nh7 18. Qg3 Rxc3 19. bxc3 Qc7 20. f4 dxe5 21. fxe5 Rc8 22. Rd3 b5 23. Re1 Nf8 24. Qg5 Be6 25. Kd2 b4 26. Ra1 bxc3+ 27. Ke3 Qc5 28. Rb1 Bf5 29. Rb5 Qa7 30. Rxa5 Qb6 31. Rb5 Qa7 32. Rb7 Qc5 33. Rxe7 Ne6 34. Qf6+ Kh6 35. Rxf7 Bxd3 36. Qxe6 Bxc2 37. Qf6 1-0

[Event "Velez op 10th"]
[Site "Velez Santander"]
[Date "2023.11.04"]
[Round "8"]
[White "Santagada, Hector Ricardo"]
[Black "Coaquira Gonzales, Oscar Adriano"]
[Result "1-0"]
[WhiteElo "1775"]
[BlackElo "1346"]
[PlyCount "55"]
[EventDate "2023.11.01"]
[EventType "swiss"]
[EventRounds "10"]
[EventCountry "COL"]
[SourceTitle "Mega2024 Update 01"]
[Source "Chessbase"]
[SourceDate "2023.11.12"]
[SourceVersion "1"]
[SourceVersionDate "2023.11.12"]
[SourceQuality "1"]

1. e4 c5 2. Nf3 d6 3. d4 cxd4 4. Nxd4 Nf6 5. Nc3 g6 6. Be3 Nc6 7. Qd2 h5 8. h3 Nxd4 9. Bxd4 Bh6 10. Be3 Bxe3 11. Qxe3 Be6 12. Be2 Qa5 13. 0-0 0-0 14. f4 Qc5 15. Qxc5 dxc5 16. f5 Bd7 17. e5 Nh7 18. fxg6 fxg6 19. Bc4+ e6 20. Rad1 Rxf1+ 21. Kxf1 Rf8+ 22. Kg1 Bc8 23. Nb5 a6 24. Nc7 b5 25. Bxe6+ Bxe6 26. Nxe6 Re8 27. Rd8 Rxd8 28. Nxd8 1-0

[Event "Velez op 10th"]
[Site "Velez Santander"]
[Date "2023.11.02"]
[Round "4"]
[White "Santagada, Hector Ricardo"]
[Black "Guevara Munoz, Michelle Tatiana"]
[Result "1-0"]
[WhiteElo "1775"]
[BlackElo "1072"]
[PlyCount "65"]
[EventDate "2023.11.01"]
[EventType "swiss"]
[EventRounds "10"]
[EventCountry "COL"]
[SourceTitle "Mega2024 Update 01"]
[Source "Chessbase"]
[SourceDate "2023.11.12"]
[SourceVersion "1"]
[SourceVersionDate "2023.11.12"]
[SourceQuality "1"]

1. e4 e5 2. Nf3 Nc6 3. d4 exd4 4. Bc4 h6 5. Nxd4 Nxd4 6. Qxd4 d6 7. Nc3 c6 8. a4 Bd7 9. 0-0 Nf6 10. Re1 Be7 11. e5 c5 12. Qe3 Ng4 13. Qf4 Nxe5 14. Rxe5 0-0 15. Re1 Be6 16. Bxe6 fxe6 17. Qg4 e5 18. Bxh6 Rf7 19. Nd5 Kh8 20. Nxe7 Qxe7 21. Bg5 Qc7 22. Rad1 Raf8 23. Re2 c4 24. Qe6 Rf5 25. Bh4 Rh5 26. Qe7 Rf7 27. Qxc7 Rxc7 28. Bg3 Rh6 29. f3 Rc6 30. Bf2 Ra6 31. b3 cxb3 32. cxb3 Ra5 33. Red2 1-0

[Event "Mar de Ajo op 4th"]
[Site "Mar de Ajo"]
[Date "2017.11.05"]
[Round "5"]
[White "Deambrosi, Ricardo"]
[Black "Santagada, Hector Ricardo"]
[Result "1/2-1/2"]
[WhiteElo "1715"]
[BlackElo "1814"]
[PlyCount "113"]
[EventDate "2017.11.03"]
[EventType "swiss"]
[EventRounds "6"]
[EventCountry "ARG"]
[SourceTitle "CBM 181 Extra"]
[Source "ChessBase"]
[SourceDate "2017.12.12"]
[SourceVersion "1"]
[SourceVersionDate "2017.12.12"]
[SourceQuality "1"]

1. e4 c5 2. c4 g6 3. Nc3 Bg7 4. Nf3 d6 5. d3 Nc6 6. Be2 Nf6 7. h3 0-0 8. Rb1 Bd7 9. Be3 Re8 10. 0-0 Qc8 11. Kh2 a6 12. Qd2 Qc7 13. Kh1 Rab8 14. Nd5 Qd8 15. Rfe1 e6 16. Nxf6+ Bxf6 17. d4 cxd4 18. Nxd4 Qc7 19. Rbc1 Nxd4 20. Bxd4 Bxd4 21. Qxd4 Bc6 22. Bf3 Qa5 23. a3 Qc5 24. Red1 Rbd8 25. b4 Qe5 26. Rd3 f5 27. Re1 Qxd4 28. Rxd4 fxe4 29. Bxe4 Bxe4 30. Rdxe4 Kf7 31. Kg1 d5 32. cxd5 Rxd5 33. R4e3 a5 34. bxa5 Rxa5 35. Rb1 Re7 36. Reb3 h5 37. h4 b5 38. Rxb5 Rxa3 39. Rb7 Rxb7 40. Rxb7+ Kf6 41. g3 e5 42. Kg2 Ra2 43. Rb4 Kf5 44. Rc4 Rd2 45. Rb4 Rd5 46. Ra4 e4 47. Ra8 Rd6 48. Ra5+ Kf6 49. Rb5 Re6 50. Ra5 e3 51. fxe3 Rxe3 52. Rb5 Re5 53. Rb6+ Kf5 54. Kf3 Ra5 55. Rb4 Ra3+ 56. Kf2 Ra2+ 57. Kf3 1/2-1/2

[Event "Mar de Ajo op 4th"]
[Site "Mar de Ajo"]
[Date "2017.11.05"]
[Round "6"]
[White "Santagada, Hector Ricardo"]
[Black "Paz, Jose Maria"]
[Result "1-0"]
[WhiteElo "1814"]
[BlackElo "1621"]
[PlyCount "69"]
[EventDate "2017.11.03"]
[EventType "swiss"]
[EventRounds "6"]
[EventCountry "ARG"]
[SourceTitle "CBM 181 Extra"]
[Source "ChessBase"]
[SourceDate "2017.12.12"]
[SourceVersion "1"]
[SourceVersionDate "2017.12.12"]
[SourceQuality "1"]

1. e4 e6 2. d4 d5 3. Nd2 Nf6 4. e5 Nfd7 5. Bd3 c5 6. c3 b6 7. Ne2 Nc6 8. Nf3 f6 9. exf6 Nxf6 10. 0-0 c4 11. Bc2 a6 12. Re1 Bd6 13. Bg5 Be7 14. Nf4 Ne4 15. Bxe7 Qxe7 16. Bxe4 dxe4 17. Rxe4 0-0 18. d5 Nd8 19. Nxe6 Nxe6 20. dxe6 Bb7 21. Re3 Rad8 22. Nd4 Rf6 23. Qe2 b5 24. Rd1 Bd5 25. Nc2 Rd6 26. Nb4 Bxe6 27. Nd5 Rxd5 28. Rxd5 Kf7 29. Qh5+ Kg8 30. Qd1 Kf7 31. Rd6 Rh6 32. Rf3+ Ke8 33. Rxa6 Bd7 34. Re3 Qxe3 35. fxe3 1-0

[Event "ARG-ch qual Amateur U2300"]
[Site "Pinamar"]
[Date "2016.08.27"]
[Round "3"]
[White "Santagada, Hector Ricardo"]
[Black "Falcon, Lucas"]
[Result "1/2-1/2"]
[WhiteElo "1834"]
[BlackElo "1795"]
[PlyCount "65"]
[EventDate "2016.08.26"]
[EventType "swiss"]
[EventRounds "6"]
[EventCountry "ARG"]
[SourceTitle "EXT 2024"]
[Source "ChessBase"]
[SourceDate "2023.10.10"]
[SourceVersion "1"]
[SourceVersionDate "2023.10.10"]
[SourceQuality "1"]

1. e4 c5 2. Nf3 d6 3. d4 cxd4 4. Nxd4 Nf6 5. Nc3 g6 6. Be3 Bg7 7. f3 0-0 8. Qd2 Nc6 9. Bc4 Bd7 10. 0-0-0 Rb8 11. g4 b5 12. Ncxb5 Ne5 13. Na3 Nxf3 14. Qg2 Nxd4 15. Bxd4 Nxg4 16. Bxg7 Kxg7 17. Qg3 Qb6 18. Qc3+ f6 19. Rd2 Rfc8 20. Qd4 Rc5 21. Bb3 Ne5 22. Rf1 a5 23. c3 a4 24. Bd1 Be6 25. Kb1 Qc7 26. Ka1 Nc4 27. Nxc4 Rxc4 28. Qe3 a3 29. Bb3 axb2+ 30. Kxb2 Ra4 31. Rd5 Bxd5 32. exd5 Ra7 33. Kc2 1/2-1/2

[Event "Pinamar op"]
[Site "Pinamar"]
[Date "2015.04.26"]
[Round "5"]
[White "Santagada, Hector Ricardo"]
[Black "Galan, Jorge Alonso"]
[Result "0-1"]
[WhiteElo "1867"]
[BlackElo "2024"]
[PlyCount "98"]
[EventDate "2015.04.24"]
[EventType "swiss"]
[EventRounds "6"]
[EventCountry "ARG"]
[SourceTitle "CBM 166 Extra"]
[Source "ChessBase"]
[SourceDate "2015.06.18"]
[SourceVersion "1"]
[SourceVersionDate "2015.06.18"]
[SourceQuality "1"]

1. e4 e6 2. d4 d5 3. Nd2 c5 4. exd5 exd5 5. Ngf3 Nc6 6. Bb5 Qb6 7. Qe2+ Be6 8. Bxc6+ bxc6 9. dxc5 Bxc5 10. Nb3 Nf6 11. Nxc5 Qxc5 12. Be3 Qa5+ 13. Bd2 Qb6 14. Bc3 Ne4 15. 0-0 0-0 16. Nd4 Rfe8 17. Qd3 Rad8 18. Nb3 Nxc3 19. bxc3 c5 20. Qf3 h6 21. Rab1 Rb8 22. h3 c4 23. Nd4 Qxb1 24. Rxb1 Rxb1+ 25. Kh2 Rb2 26. a4 Ra2 27. g4 Rxa4 28. h4 Ra5 29. Nc6 Ra6 30. Nd4 Rb6 31. g5 hxg5 32. hxg5 a5 33. g6 Re7 34. Nxe6 Rbxe6 35. Qxd5 fxg6 36. Qxa5 Re5 37. Qd8+ Kh7 38. Qd4 Re4 39. Qd5 R7e5 40. Qd6 Rf5 41. Kg2 Ref4 42. Qb4 Rxf2+ 43. Kg1 R2f4 44. Kg2 Rg4+ 45. Kh3 Rfg5 46. Qe7 Rg1 47. Kh2 R5g4 48. Qe5 R4g2+ 49. Kh3 Rg5 0-1

[Event "Villa Gesell Playas U2200 op"]
[Site "Villa Gesell"]
[Date "2014.08.18"]
[Round "6.4"]
[White "Santagada, Hector Ricardo"]
[Black "Romero, Fabian"]
[Result "0-1"]
[WhiteElo "1886"]
[BlackElo "1922"]
[PlyCount "51"]
[EventDate "2014.08.16"]
[EventType "swiss"]
[EventRounds "7"]
[EventCountry "ARG"]
[SourceTitle "EXT 2024"]
[Source "ChessBase"]
[SourceDate "2023.10.10"]
[SourceVersion "1"]
[SourceVersionDate "2023.10.10"]
[SourceQuality "1"]

1. e4 Nc6 2. d4 e5 3. Nf3 exd4 4. Nxd4 Qh4 5. Qd3 Bc5 6. c3 Nf6 7. Nd2 d5 8. exd5 Ne5 9. Qb5+ Nfd7 10. Be2 0-0 11. 0-0 Bxd4 12. cxd4 Qxd4 13. Nf3 Nxf3+ 14. Bxf3 Ne5 15. Qb3 Nxf3+ 16. Qxf3 Bg4 17. Qg3 Be2 18. Re1 Rfe8 19. Qxc7 Qxd5 20. Be3 Rac8 21. Qg3 Rc2 22. Bxa7 Rc6 23. Be3 Bh5 24. Qf4 Rg6 25. g3 Bf3 26. Bd4 0-1

[Event "Villa Gesell Playas U2200 op"]
[Site "Villa Gesell"]
[Date "2014.08.17"]
[Round "5.5"]
[White "Renkine, Ivan"]
[Black "Santagada, Hector Ricardo"]
[Result "1/2-1/2"]
[WhiteElo "1797"]
[BlackElo "1886"]
[PlyCount "111"]
[EventDate "2014.08.16"]
[EventType "swiss"]
[EventRounds "7"]
[EventCountry "ARG"]
[SourceTitle "EXT 2024"]
[Source "ChessBase"]
[SourceDate "2023.10.10"]
[SourceVersion "1"]
[SourceVersionDate "2023.10.10"]
[SourceQuality "1"]

1. f4 c5 2. Nf3 Nc6 3. e3 Nf6 4. b3 d5 5. Bb5 Bg4 6. Bxc6+ bxc6 7. Bb2 e6 8. d3 Be7 9. Nbd2 0-0 10. 0-0 a5 11. a4 Nd7 12. h3 Bxf3 13. Nxf3 Bf6 14. Ne5 Nxe5 15. fxe5 Bg5 16. Qf3 Qb6 17. Ba3 Ra7 18. Rab1 Be7 19. c4 Qc7 20. Bb2 Rb7 21. Bc3 Qb8 22. Qd1 Bg5 23. Re1 Bd8 24. g3 Bc7 25. d4 cxd4 26. exd4 Qd8 27. c5 Qg5 28. Kg2 Qg6 29. Re3 f6 30. Qd3 Qxd3 31. Rxd3 fxe5 32. dxe5 Rf5 33. Rf3 Rxf3 34. Kxf3 Bd8 35. h4 h5 36. Rb2 Rf7+ 37. Kg2 Rd7 38. Bd4 Rb7 39. Bc3 Be7 40. Bxa5 Bxc5 41. Bc3 Bb4 42. Bxb4 Rxb4 43. a5 Rb5 44. Ra2 Rxb3 45. a6 Rb8 46. a7 Ra8 47. Kf3 Kf7 48. Ra5 c5 49. Ke3 Kg6 50. Kf4 c4 51. Ra6 Kf7 52. Kg5 g6 53. Ra3 d4 54. Rf3+ Kg7 55. Rf6 Rxa7 56. Rxe6 1/2-1/2